| 000 | 01586cam a22004454i 4500 | ||
|---|---|---|---|
| 003 | PE-LiUPU | ||
| 005 | 20250731172946.0 | ||
| 008 | 150623s1997 r 000 0 d | ||
| 020 | _a0664220924 | ||
| 035 | _a(Sirsi) i9780664220921 | ||
| 040 |
_aPE-LiUPU _bspa _cPE-LiUPU _erda |
||
| 049 | _aPRUA | ||
| 082 | 0 | 4 |
_a221.07 _bOTL _221 |
| 100 | 1 |
_aNielsen, Kirsten, _eautor. |
|
| 245 | 1 | 0 |
_aRuth : _bA commentary / _cKirsten Nielsen. |
| 264 | 1 |
_aLouisville, Kentucky : _bWestminster John Knox Press, _c1997. |
|
| 300 |
_a106 páginas ; _c23 centímetros. |
||
| 336 |
_atext _2rdacontent |
||
| 337 |
_aunmediated _2rdamedia |
||
| 338 |
_avolume _2rdacarrier |
||
| 490 | 0 | _a(The Old Testament Library) | |
| 504 | _aIncluye bibliografía. | ||
| 505 | 0 | _aIntroduction. -Ruth: The husbands die in Moab, and Naomi return home to Judah. -Ruth gleans in Boaz's field. -Ruth seeks out Boaz at the threshing floor. -Boaz marries Ruth, who becomes the ancestress of David's line. | |
| 526 | _aSEG42 | ||
| 526 | _aSEG41 | ||
| 526 | _aSEG40 | ||
| 526 | _aSEG39 | ||
| 526 | _aP94 | ||
| 526 | _aP87 | ||
| 526 | _aP86 | ||
| 526 | _aP85 | ||
| 526 | _aP77 | ||
| 526 | _aP76 | ||
| 526 | _aP35 | ||
| 630 |
_aBiblia. _pRuth _xCrítica e interpretación |
||
| 942 |
_2ddc _cBK |
||
| 949 |
_a221.07 OTL 8 _wDEWEY _c1 _i44766 _d2015-10-19 _e2015-10-15 _lCCODEBUL1 _mBUL _n3 _r0 _sY _tBOOK _u2015-6-24 _xTEOLOGIA _0COMPRA _o.STAFF. Colección General |
||
| 980 |
_81 _gALBERTO SANCHEZ Responsable de Automatización |
||
| 999 |
_c21635 _d21635 |
||